000 00857nam a2200265 i 4500
001 13955
003 ES-MaACL
005 20250630001401.0
007 t|
008 980820s1996 sp ||||1| spa d
020 _a84-7796-811-X
080 _a141 Krausismo (460)
080 _a1 González Serrano, Urbano
100 1 _aJiménez García, Antonio.
_966528
245 1 3 _aEl krausopositivismo de Urbano González Serrano /
_cAntonio Jiménez García.
260 _aBadajoz :
_bDiputación Provincial,
_c[1996]
300 _a322 p. ;
_c24 cm.
490 1 _aHistoria ;
_v11
600 1 4 _aGonzález Serrano, U.,
_d1848-1904
_958968
650 1 4 _aKrausismo-
_zEspaña.
_914041
710 1 _aBadajoz (Provincia).
_bDiputación Provincial
_92081
830 1 _aHistoria ;
_v11
_9177536
852 _aES-MaACL
_jL-21208
999 _c13955
_d13955